Re-enter the dragon (Record no. 75240)
[ view plain ]
| 000 -LEADER | |
|---|---|
| fixed length control field | 00677cab a2200181 4500 |
| 001 - CONTROL NUMBER | |
| control field | L129728 |
| 008 - FIXED-LENGTH DATA ELEMENTS--GENERAL INFORMATION | |
| fixed length control field | 050516n2005 000 0 eng u |
| 035 ## - SYSTEM CONTROL NUMBER | |
| System control number | (Sirsi) u129728 |
| 041 ## - LANGUAGE CODE | |
| Language code of text/sound track or separate title | eng |
| 100 ## - MAIN ENTRY--PERSONAL NAME | |
| Personal name | Sweet, Rod |
| 245 ## - TITLE STATEMENT | |
| Title | Re-enter the dragon |
| 260 ## - PUBLICATION, DISTRIBUTION, ETC. | |
| Date of publication, distribution, etc. | 2005 |
| 490 ## - SERIES STATEMENT | |
| Series statement | Construction Manager |
| Volume/sequential designation | May 2005, 13-24(11) |
| 520 ## - SUMMARY, ETC. | |
| Summary, etc. | Examines the resurgence of China as a powerful and influential player in the construction world. Includes discussion with China's major construction players and illustrates how CIOB membership is at the centre of the new building programme. |
| 590 ## - LOCAL NOTE (RLIN) | |
| Local note | IKA190505 |
| 690 ## - LOCAL SUBJECT ADDED ENTRY--TOPICAL TERM (OCLC, RLIN) | |
| Topical term or geographic name as entry element | BUILT ENVIRONMENT-CONSTRUCTION MARKET |
| 942 ## - ADDED ENTRY ELEMENTS (KOHA) | |
| Suppress in OPAC | 0 |
| Withdrawn status | Lost status | Source of classification or shelving scheme | Damaged status | Not for loan | Home library | Current library | Shelving location | Date acquired | Total Checkouts | Full call number | Barcode | Date last seen | Copy number | Price effective from | Koha item type |
|---|---|---|---|---|---|---|---|---|---|---|---|---|---|---|---|
| Dewey Decimal Classification | London | London | Journal article | 16/05/2005 | L129728 | 129728-1001 | 06/08/2019 | 1 | 06/08/2019 | Journal article |